• 首页
  • 本馆介绍
  • 公告通知
  • 最新文献
  • 馆藏检索
  • 电子资源
  • 读者导购
  • 参考咨询
  • 我的图书馆
  • 登录
  • 详细信息显示
  • 放入我的书架
  • 预约/预借图书
  • 作者相关作品
  • 分类相关作品
  • 丛书相关作品
  • 出版社相关作品

书目信息

  • 表格格式
  • 工作单格式
  • 卡片格式
题名:
你的职业性格色彩是什么
    
 
作者: 泽奇 , 毕度 著 ;张帅 译
分册:  
出版信息: 北京   电子工业出版社  2018
页数: 287页
开本: 24cm
丛书名:
单 册:
中图分类: B848.4 , C913.2
科图分类:
主题词: 性格--xing ge--关系--职业选择
电子资源:
ISBN: 978-7-121-33663-8
000 01525nam0 2200325 450
001 012001002211
005 20130122111047.0
010    @a978-7-121-33663-8@dCNY68.00
099    @aCAL 012018091703
100    @a20180718d2018 em y0chiy50 ea
101 1  @achi@ceng
102    @aCN@b110000
105    @aak z 000yy
106    @ar
200 1  @a你的职业性格色彩是什么@Ani de zhi ye xing ge se cai shi shen me@e从自我认知到自我实现@f索亚·泽奇, 安·毕度著@d= Career match@econnecting who you are with what you'll love to do@fShoya Zichy, Ann Bidou@g张帅译@zeng
210    @a北京@c电子工业出版社@d2018
215    @a287页@c图@d24cm
305    @a据原书第2版译出
306    @a本书中文简体字版经由AMACOM授权出版发行
330    @a本书作者生动地讲解了每一种色彩性格的基本特征、行为方式、思维倾向,帮助人们识别自己的性格类型;然后通过典型的职场案例,分析每一种色彩性格的优势与盲点,提出富有针对性的建议;最后详尽列举了适合每一种色彩性格的职业种类、面试技巧、工作环境,乃至上司与同事……从而引领读者找到最能够激励与鼓舞他们的工作,最终实现职业梦想与事业成就!
500 10 @aCareer match : connecting who you are with what you'll love to do@mChinese
517 1  @a从自我认知到自我实现@Acong zi wo ren zhi dao zi wo shi xian
606 0  @a性格@Axing ge@x关系@x职业选择
690    @aB848.4@v5
690    @aC913.2@v5
701  1 @a泽奇@Aze qi@g(Zichy, Shoya)@4著
701  1 @a毕度@Abi du@g(Bidou, Ann)@4著
702  0 @a张帅@Azhang shuai@4译
801  2 @aCN@b江苏凤凰@c20191020
905    @b1215130-1@dB848.4@e2986@f2
    
    你的职业性格色彩是什么:从自我认知到自我实现/索亚·泽奇, 安·毕度著= Career match:connecting who you are with what you'll love to do/Shoya Zichy, Ann Bidou/张帅译.-北京:电子工业出版社,2018
    287页:图;24cm
    
    
    ISBN 978-7-121-33663-8:CNY68.00
    本书作者生动地讲解了每一种色彩性格的基本特征、行为方式、思维倾向,帮助人们识别自己的性格类型;然后通过典型的职场案例,分析每一种色彩性格的优势与盲点,提出富有针对性的建议;最后详尽列举了适合每一种色彩性格的职业种类、面试技巧、工作环境,乃至上司与同事……从而引领读者找到最能够激励与鼓舞他们的工作,最终实现职业梦想与事业成就!
●
相关链接 在E读中查询图书 在五车中查询图书 在当当中查询图书 在豆瓣中查询图书


正题名:你的职业性格色彩是什么     索取号:B848.4/2986         预约/预借

序号 登录号 条形码 馆藏地/架位号 状态 备注
1 1215130   212151302   第一样本阅览室/ [索取号:B848.4/2986] 在馆    
2 1215131   212151311   第一借阅区/ [索取号:B848.4/2986] 在馆    
唐山师范学院图书馆 欢迎您!
大连网信软件有限公司© 版权所有